Digitazioni di Parole - "Psiconeuroendocrinoimmunologia" - Statistics

Statistiche generali
  • Questo quiz è stato fatto 84 volte
  • Il punteggio medio è 22 su 30
Statistiche sulle risposte
Lettera % Corretto
P
100%
C
95%
I
95%
O
95%
S
95%
E
88%
N
88%
U
88%
O
85%
R
85%
D
78%
E
78%
N
78%
O
78%
C
73%
I
73%
R
73%
N
68%
O
68%
I
63%
M
60%
M
60%
U
60%
N
58%
L
55%
O
55%
A
53%
G
53%
I
53%
O
53%
Nessun quiz corrispondente trovato
Distribuzione punteggi
Percentuale di utenti per punteggio
Percentile per numero di risposta
I tuoi punteggi nel tempo
Non hai fatto questo quiz